[Event "GER-ch U25-A"]
[Site "Willingen"]
[Date "2019.06.10"]
[Round "3"]
[White "Yaroshenko, Yaroslav"]
[Black "Schlick, Stefan"]
[Result "0-1"]
[WhiteElo "1761"]
[BlackElo "2017"]
[PlyCount "50"]
[EventDate "2019.06.08"]
[EventType "swiss"]
[EventRounds "9"]
[EventCountry "GER"]
[SourceTitle "CBM 191 Extra"]
[Source "ChessBase"]
[SourceDate "2019.09.30"]
[SourceVersion "1"]
[SourceVersionDate "2019.09.30"]
[SourceQuality "1"]

1. e4 Nc6 2. Nf3 e5 3. d4 exd4 4. Bc4 Bc5 5. c3 Nf6 6. e5 d5 7. exf6 dxc4 8. 0-0 Qxf6 9. Re1+ Be6 10. Bg5 Qg6 11. cxd4 Nxd4 12. Re5 Nxf3+ 13. Qxf3 Bd4 14. Rb5 0-0 15. Qf4 a6 16. Rb4 a5 17. Rxb7 Bc8 18. Rb5 c6 19. Qxd4 cxb5 20. f4 h6 21. Bh4 Bb7 22. Qf2 Qg4 23. Nc3 Rfe8 24. h3 Qf5 25. Rf1 b4 0-1

[Event "GER-chT Lands U20"]
[Site "Hannover"]
[Date "2017.10.02"]
[Round "4.4"]
[White "Schlick, Stefan"]
[Black "Post, Hugo"]
[Result "1-0"]
[WhiteElo "1879"]
[BlackElo "1925"]
[PlyCount "41"]
[EventDate "2017.09.29"]
[EventType "team-swiss"]
[EventRounds "7"]
[EventCountry "GER"]
[SourceTitle "EXT 2018"]
[Source "ChessBase"]
[SourceDate "2017.10.13"]
[SourceVersion "1"]
[SourceVersionDate "2017.10.13"]
[SourceQuality "1"]
[WhiteTeam "Thueringen U20"]
[BlackTeam "Sachsen Anhalt U20"]
[WhiteTeamCountry "GER"]
[BlackTeamCountry "GER"]

1. d4 Nf6 2. c4 e6 3. Nc3 Bb4 4. e3 0-0 5. Bd3 c5 6. Nf3 d5 7. 0-0 Nc6 8. a3 cxd4 9. axb4 dxc3 10. bxc3 b6 11. Qe2 Bb7 12. Rd1 Qc7 13. cxd5 Nxd5 14. Bb2 Rfd8 15. b5 Na5 16. c4 Nb4 17. Be5 Bxf3 18. Bxc7 Bxe2 19. Bxe2 Rxd1+ 20. Rxd1 Nb7 21. Bf3 1-0

[Event "GER-ch U25-A"]
[Site "Willingen"]
[Date "2017.06.05"]
[Round "3"]
[White "Schlick, Stefan"]
[Black "Terhuven, Patrick"]
[Result "1/2-1/2"]
[WhiteElo "1888"]
[BlackElo "2138"]
[PlyCount "59"]
[EventDate "2017.06.04"]
[EventType "swiss"]
[EventRounds "9"]
[EventCountry "GER"]
[SourceTitle "CBM 178 Extra"]
[Source "ChessBase"]
[SourceDate "2017.06.22"]
[SourceVersion "1"]
[SourceVersionDate "2017.06.22"]
[SourceQuality "1"]

1. d4 d5 2. c4 e6 3. Nc3 c6 4. Nf3 dxc4 5. a4 Bb4 6. e3 b5 7. Bd2 a5 8. axb5 Bxc3 9. Bxc3 cxb5 10. b3 Bb7 11. bxc4 b4 12. Bb2 Nf6 13. Bd3 0-0 14. 0-0 Nbd7 15. Nd2 Qc7 16. f4 a4 17. Rb1 Qd6 18. Qe2 Rfd8 19. e4 Nc5 20. e5 Qc6 21. exf6 Nxd3 22. Ba1 b3 23. Rf3 Nb4 24. Qe5 g6 25. Qg5 Qd6 26. Rh3 Qf8 27. Rh6 Kh8 28. Qh4 Qg8 29. d5 Bxd5 30. cxd5 1/2-1/2

[Event "GER-ch U16"]
[Site "Willingen"]
[Date "2016.05.19"]
[Round "7"]
[White "Martin, Julian"]
[Black "Schlick, Stefan"]
[Result "1-0"]
[WhiteElo "2224"]
[BlackElo "1772"]
[PlyCount "109"]
[EventDate "2016.05.15"]
[EventType "swiss"]
[EventRounds "9"]
[EventCountry "GER"]
[SourceTitle "CBM 172 Extra"]
[Source "ChessBase"]
[SourceDate "2016.06.21"]
[SourceVersion "1"]
[SourceVersionDate "2016.06.21"]
[SourceQuality "1"]

1. e4 c6 2. d4 d5 3. e5 Bf5 4. Nf3 e6 5. Be2 Nd7 6. 0-0 h5 7. a4 a5 8. Na3 Be7 9. c4 Nh6 10. cxd5 exd5 11. Ne1 h4 12. Nac2 Nf8 13. Ne3 Ne6 14. N1c2 Nf4 15. Nxf5 Nxe2+ 16. Qxe2 Nxf5 17. Qd3 Qd7 18. Bd2 g6 19. Rae1 Kd8 20. Ne3 h3 21. g3 Qe6 22. Nxf5 gxf5 23. Re3 Bb4 24. Rf3 Rh5 25. Rc1 Bxd2 26. Qxd2 Qg6 27. Qc3 Qg4 28. Rf4 Qe2 29. Rf3 Qc4 30. Qxc4 dxc4 31. Rxc4 Kd7 32. Rb3 Ra7 33. Kf1 Ke6 34. Ke2 Rg5 35. Ke3 Rg4 36. f3 f4+ 37. Kf2 fxg3+ 38. hxg3 Rg8 39. Rd3 Rh8 40. Rc1 Raa8 41. g4 Rad8 42. Kg1 Rd5 43. Kh2 Rhd8 44. Rc4 c5 45. Kxh3 Rxd4 46. Rdc3 b6 47. f4 Rd3+ 48. Rxd3 Rxd3+ 49. Kh4 Rd4 50. Rxd4 cxd4 51. Kg3 Kd5 52. Kf3 d3 53. Ke3 d2 54. Kxd2 Ke4 55. g5 1-0

[Event "GER-ch U16"]
[Site "Willingen"]
[Date "2016.05.15"]
[Round "1"]
[White "Spitzl, Vinzent"]
[Black "Schlick, Stefan"]
[Result "1/2-1/2"]
[WhiteElo "2143"]
[BlackElo "1772"]
[PlyCount "114"]
[EventDate "2016.05.15"]
[EventType "swiss"]
[EventRounds "9"]
[EventCountry "GER"]
[SourceTitle "CBM 172 Extra"]
[Source "ChessBase"]
[SourceDate "2016.06.21"]
[SourceVersion "1"]
[SourceVersionDate "2016.06.21"]
[SourceQuality "1"]

1. e4 e5 2. Nf3 Nc6 3. Bb5 Nf6 4. d3 Bc5 5. Bxc6 dxc6 6. 0-0 Bd6 7. Nbd2 0-0 8. Nc4 Nd7 9. b3 Re8 10. Bb2 f6 11. Re1 Nc5 12. Qe2 Bg4 13. Ne3 Bh5 14. Nf5 Ne6 15. Ng3 Bf7 16. Rad1 c5 17. c3 a5 18. d4 cxd4 19. cxd4 Nxd4 20. Nxd4 exd4 21. Rxd4 c5 22. Rd2 Qc7 23. Red1 Bxg3 24. hxg3 Rad8 25. Qg4 Rxd2 26. Rxd2 Be6 27. Qh5 Bf7 28. Qg4 Be6 29. Qd1 Qc6 30. f3 Re7 31. Rd6 Rd7 32. Rxd7 Qxd7 33. Qc2 Qb5 34. f4 c4 35. bxc4 Qxc4 36. Qxc4 Bxc4 37. a3 Kf7 38. Bc3 a4 39. Kf2 Bd3 40. Ke3 Bf1 41. Kf3 h5 42. Bb4 g6 43. Bd6 Ke6 44. Bc7 f5 45. e5 b5 46. Bd6 Bc4 47. Ke3 Bd5 48. Kd4 Bxg2 49. Kc5 Bf1 50. Kc6 Bc4 51. Kc7 Kf7 52. Kd7 Be6+ 53. Kc6 Bc4 54. Bb4 Ke6 55. Bd6 Kf7 56. Bb4 Ke6 57. Bd6 Kf7 1/2-1/2